Zákutia úpravy účtovníctva na Slovensku
Nejednoznačné skutočnosti v legislatíve v oblasti účtovníctva na Slovensku: hranica jedného roka pre definovanie dlhodobého majetku, určenie významu výboru pre audit, vymedzenie rezerv, stanovenie správneho deliktu. Význam pre potreby účtovníctva a následného vykazovania.
Salvato in:
| Autore principale: | |
|---|---|
| Altri autori: | |
| Natura: | Capitolo di libro |
| Lingua: | slovacco |
| Soggetti: | |
| Tags: |
Nessun Tag, puoi essere il primo ad aggiungerne!!
|
MARC
| LEADER | 00000nla a2200000 4500 | ||
|---|---|---|---|
| 001 | 0196051 | ||
| 005 | 20240502073313.8 | ||
| 041 | 0 | |a slo | |
| 044 | |a SK | ||
| 245 | 1 | 0 | |a Zákutia úpravy účtovníctva na Slovensku |c Zuzana Juhászová, Ján Užík |
| 520 | |a Nejednoznačné skutočnosti v legislatíve v oblasti účtovníctva na Slovensku: hranica jedného roka pre definovanie dlhodobého majetku, určenie významu výboru pre audit, vymedzenie rezerv, stanovenie správneho deliktu. Význam pre potreby účtovníctva a následného vykazovania. | ||
| 610 | 2 | 0 | |a účtovníctvo |
| 610 | 2 | 0 | |a legislatíva |
| 610 | 2 | 0 | |a Slovensko |
| 610 | 2 | 0 | |a majetok dlhodobý |
| 610 | 2 | 0 | |a majetok |
| 610 | 2 | 0 | |a audit |
| 610 | 2 | 0 | |a rezervy |
| 610 | 2 | 0 | |a pokuty |
| 100 | 1 | |a Juhászová, Zuzana, 1970- | |
| 700 | 1 | |a Užík, Ján, 1969- | |